| Поле | Название | Значение |
| |
Тип записи |
a |
| |
Библиографический уровень |
m |
| 001 |
Контрольный номер |
RU/URAIT/589513 |
| 005 |
Дата корректировки |
20260429163601.2 |
| 008 |
Кодируемые данные |
260429s2026 RU y f j 000 0 rus u |
| 020 |
Индекс ISBN |
__ |
| a |
ISBN |
978-5-534-18532-4 |
| c |
Цена, тираж |
319.00 |
| 040 |
Источник каталогиз. |
__ |
| a |
Служба первич. каталог. |
ИКО Юрайт |
| c |
Служба, преобразующая запись |
ИКО Юрайт |
| e |
Правила каталог. |
RCR |
| 041 |
Код языка издания |
__ |
| a |
Код языка текста |
rus |
| 044 |
Код страны публикации |
__ |
| a |
Код страны публикации |
RU |
| 080 |
Индекс УДК |
__ |
| a |
Индекс УДК |
612.2(075.8) |
| 084 |
Индекс другой классификации/Индекс ББК |
__ |
| 2 |
Источник индекса |
rubbk |
| a |
Индекс другой классификации/Индекс ББК |
28.707.3я73 |
| 100 |
Автор |
__ |
| a |
Автор |
Чижов А. Я. |
| q |
Полное имя |
Чижов Алексей Ярославович |
| 245 |
Заглавие |
__ |
| a |
Заглавие |
Физиология, патофизиология: гипоксия, гипо- и гиперкапния |
| b |
Продолж. заглавия |
учебник для вузов |
| c |
Ответственность |
А. Я. Чижов, Н. А. Агаджанян. |
| 256 |
Характеристики компьютерного файла |
__ |
| a |
Характеристики компьютерного файла |
Электрон. дан. |
| 260 |
Выходные данные |
__ |
| a |
Место издания |
Москва |
| b |
Издательство |
Юрайт |
| c |
Дата издания |
2026 |
| 300 |
Физическое описание |
__ |
| a |
Объем |
78 с |
| 440 |
Серия |
__ |
| a |
Серия |
Высшее образование |
| 500 |
Примечания |
__ |
| a |
Примечание |
URL: https://urait.ru/bcode/589513 (дата обращения: 29.04.2026). |
| 520 |
Аннотация |
__ |
| a |
Аннотация |
В курсе представлены краткий очерк по физиологии и патологии дыхания, новые классификации гипоксических, гипо- и гиперкапнических состояний. Даны практические рекомендации по использованию приоритетного для России метода гипоксической стимуляции организма при терапии широкого круга заболеваний, при проведении радио- и химиотерапии. Соответствует актуальным требованиям федерального государственного образовательного стандарта высшего образования. Для студентов высших учебных заведений, обучающихся по медицинским направлениям, а также аспирантов и врачей, использующих гипокситерапию и гипоксические тренировки в спорте. |
| 538 |
Прим. о системных особенностях |
__ |
| a |
Прим. о системных особенностях |
Режим доступа: Электронно-библиотечная система Юрайт, для авториз. пользователей |
| 653 |
Ключевые слова |
__ |
| a |
Ключевые слова |
Анатомия и физиология. Цитология. Гистология. Эмбриология |
| 653 |
Ключевые слова |
__ |
| a |
Ключевые слова |
Медицина и фармакология |
| 653 |
Ключевые слова |
__ |
| a |
Ключевые слова |
Патофизиология - патофизиология головы и шеи |
| 653 |
Ключевые слова |
__ |
| a |
Ключевые слова |
Патофизиология |
| 653 |
Ключевые слова |
__ |
| a |
Ключевые слова |
Клиническая патофизиология неотложных состояний |
| 653 |
Ключевые слова |
__ |
| a |
Ключевые слова |
Общая патология, патологическая анатомия, патофизиология |
| 653 |
Ключевые слова |
__ |
| a |
Ключевые слова |
Основы физиологии и патофизиологии |
| 700 |
Другие авторы |
__ |
| a |
Другие авторы |
Агаджанян Н. А. |
| q |
Полное имя |
Агаджанян Николай Александрович |
| 856 |
Электронный адрес документа |
40 |
| n |
Местонахождение сервера |
Юрайт |
| g |
|
Электронная книга |
| q |
Тип электронного формата |
html |
| h |
Имя пользователя |
ЮРАЙТ |
| v |
Часы доступа к ресурсу |
20271231 |
| 2 |
Способ доступа |
Показать документ |
| x |
Служебное примечание |
https://urait.ru/book/cover/0F3B76EB-629F-4017-9A46-CD25F69CAA16 |
| u |
URL |
https://urait.ru/bcode/589513 |
| 856 |
Электронный адрес документа |
48 |
| q |
Тип электронного формата |
cover |
| u |
URL |
https://urait.ru/book/cover/0F3B76EB-629F-4017-9A46-CD25F69CAA16 |
| 911 |
|
__ |
| u |
|
0030=https://urait.ru/bcode/589513 |
| 911 |
|
__ |
| u |
|
073a=9785534185324 |
| u |
|
073d=319.00 |
| 911 |
|
__ |
| u |
|
106a=s |
| 911 |
|
__ |
| u |
|
900l= |
| 952 |
Тип литературы |
__ |
| i |
Дисциплина |
Патофизиология - патофизиология головы и шеи |
| 952 |
Тип литературы |
__ |
| i |
Дисциплина |
Патофизиология |
| 952 |
Тип литературы |
__ |
| i |
Дисциплина |
Клиническая патофизиология неотложных состояний |
| 952 |
Тип литературы |
__ |
| i |
Дисциплина |
Общая патология, патологическая анатомия, патофизиология |
| 952 |
Тип литературы |
__ |
| i |
Дисциплина |
Основы физиологии и патофизиологии |